| 000 | 01519nam a2200361 a 4500 | ||
|---|---|---|---|
| 001 | 000112903 | ||
| 003 | CHAP | ||
| 005 | 20220329144327.0 | ||
| 008 | 170209s2016 mx sm |||||||spa d | ||
| 010 | _a109364 | ||
| 011 | _a110336 | ||
| 040 | _cCHAP | ||
| 090 | _aTesis | ||
| 100 | 1 |
_aOrtiz Rodríguez, María de los Ángeles _9131457 |
|
| 245 | 1 | 0 |
_aBioinsecticidas para el control de mosquita blanca Bemisia tabaci Gennadius (Hemiptera: Aleyrodidae) en jitomate Solanum lycopersicum L. bajo invernadero en el municipio de San Pablo Huixtepec, Oaxaca _h[En línea] _cMaría de los Ángeles Ortiz Rodríguez. |
| 260 |
_aChapingo, Méx. : _bEl autor, _c2016. |
||
| 500 | _aPara ver el contenido del material haga clic en la liga | ||
| 502 | _aTesis (Ing. Agr. Esp. en Parasitología Agrícola) -- UACH. Departamento de Parasitología Agrícola | ||
| 590 |
_aBATCH-UPD _b10 _c20180319 _lUCH01 _h0947 |
||
| 590 |
_aBATCH-UPD _b10 _c20180319 _lUCH01 _h0950 |
||
| 590 |
_aE11695DGD _b10 _c20170210 _lUCH01 _h1010 |
||
| 590 |
_aE11695DGD _b10 _c20180319 _lUCH01 _h0947 |
||
| 590 |
_aE11695DGD _b10 _c20180319 _lUCH01 _h0951 |
||
| 590 |
_aE5765TAJ _b05 _c20170209 _lUCH01 _h0905 |
||
| 590 |
_aE5765TAJ _b05 _c20170209 _lUCH01 _h0905 |
||
| 650 | 1 | 4 |
_aBemisia Tabaci _xControl. _9129811 |
| 650 | 1 | 4 |
_aInsecticidas biológicos _xEfecto en Bemisia tabaci. _9129812 |
| 650 | 1 | 4 |
_aTomate _xPlagas. _9113748 |
| 856 |
_aFinding aid _uhttp://10.13.5.2/tesis/sist112903.pdf _zTeclea aquí |
||
| 901 | _aBK | ||
| 942 | _cTESIS | ||
| 942 | _n0 | ||
| 999 |
_c109364 _d109364 |
||